000 00596nam a2200193Ia 4500
005 20250508155525.0
008 008 250505s9999 xx 000 0 eng d
037 _aBooks to be hide in OPAC
040 _aFEDL
_beng
_cFEDL
041 _aeng
_2eng
084 _a372.51, ALM/O
_qFEDL
100 _aAlmack J and others
_9767082
245 0 _aNew laurel handwriting 7th book
260 _aSacramento, California
_bCalifornia State Department of Education
_c1944
300 _a46p.
490 _aCalifornia State Series
942 _cHB
_h372.51, ALM/O
999 _c1357408
_d1357408